Quel est le feat ? rap francais (par 2) #2 - Statistiques

Statistiques générales
  • Ce quiz a été pris 693 fois
  • Le résultat moyen est 15 sur 40
Statistiques - réponses
Titre Rappeur % Correct
Macaroni Leto
92%
Ninho
92%
BXL ZOO Damso
83%
Kassav Gazo
82%
7 sur 7 Koba LaD
78%
Hamza
76%
Freeze Corleone
74%
Tiakola
74%
Ninho
62%
Boston George Lacrim
58%
Rhum & machette Ziak
58%
Moto Mac Tyer
56%
Maes
53%
Maes
49%
Gazo
47%
Oh bah oui Lacrim
45%
Tu le sais Kalash
41%
Booba
40%
Sicario YL
34%
Sous contrôle Dadju
32%
Ninho
31%
Niska
30%
Maes
27%
Riina Toto 13 Block
25%
C'est la base Kaaris
14%
Freeze Corleone
13%
La violence La F
13%
XVBarbar
13%
Fresh laDouille
12%
Dans Nos Blocks Malty 2BZ
11%
Pas pareil YL
11%
Timal
10%
RS Drill #1 Pirate
9%
Ashe 22
5%
H24 Goulag
4%
Gambi
3%
SRK
3%
Gachette R8 BKL
2%
Cheu-B
2%
Dada Roms
2%
Aucun quiz correspondant
Distribution des résultats
% des personnes avec chaque résultat
Percentile par nombre de réponses
Votre historique - résultats
Vous n’avez pas pris ce quiz